000 00365nam a2200169Ia 4500
005 20250423101502.0
008 250422s9999 xx 000 0 und d
020 _a0582642663
050 _aPR 9387.9 .O38/
100 _aOkpewho, Isidore
245 4 _aThe victims
260 _aAbuja
260 _bLongman
260 _c1970
300 _a200 p
942 _cBK
999 _c36423
_d36423